[Event "Ambelokipi op 81st"]
[Site "Athens"]
[Date "2007.10.20"]
[Round "5"]
[White "Sioris, Georgios"]
[Black "Poteas, Ioannis"]
[Result "0-1"]
[WhiteElo "2229"]
[BlackElo "2121"]
[PlyCount "134"]
[EventDate "2007.10.06"]
[EventType "swiss"]
[EventRounds "6"]
[EventCountry "GRE"]
[SourceTitle "EXT 2008"]
[Source "ChessBase"]
[SourceDate "2007.11.25"]
[SourceVersion "1"]
[SourceVersionDate "2007.11.25"]
[SourceQuality "1"]

1. e4 e6 2. d4 d5 3. Nc3 dxe4 4. Nxe4 Nd7 5. Nf3 Be7 6. c3 Ngf6 7. Bd3 0-0 8. Qe2 b6 9. Ne5 Bb7 10. Ng5 c5 11. Ngf3 cxd4 12. Nxd4 Nxe5 13. Qxe5 Qd5 14. Qxd5 Bxd5 15. 0-0 Bb7 16. Re1 Rfd8 17. Bc2 Bc5 18. Nb3 Be4 19. Bxe4 Nxe4 20. Nxc5 Nxc5 21. Be3 Nd3 22. Re2 f6 23. h3 Kf7 24. a4 Ne5 25. b3 Rd3 26. a5 bxa5 27. Rxa5 Rxc3 28. Bd4 Rc1+ 29. Kh2 Nc6 30. Ra4 Nxd4 31. Rxd4 Rc7 32. f4 Rb8 33. Re3 Rb6 34. h4 a5 35. Ra4 Rc5 36. Rd3 h5 37. Rd7+ Kg6 38. Ra7 Rxb3 39. R7xa5 Rxa5 40. Rxa5 Re3 41. g3 e5 42. fxe5 fxe5 43. Kg2 Kf5 44. Kf2 Rd3 45. Ra7 g6 46. Ra6 e4 47. Ra5+ Kg4 48. Rg5+ Kh3 49. Rxg6 Rf3+ 50. Ke2 Rxg3 51. Re6 Rg4 52. Re5 Kxh4 53. Ke3 Rg5 54. Rxe4+ Kg3 55. Ke2 Kg2 56. Kd2 Rg4 57. Re2+ Kh3 58. Rf2 Re4 59. Rf5 Kg4 60. Rf1 Kg3 61. Rf5 h4 62. Rg5+ Kf4 63. Rg8 h3 64. Rh8 Kg3 65. Rg8+ Rg4 66. Rh8 Kg2 67. Re8 h2 0-1

[Event "Ambelokipi op 80th"]
[Site "Athens"]
[Date "2007.09.17"]
[Round "3"]
[White "Anastasopoulos, Spyros"]
[Black "Sioris, Georgios"]
[Result "1-0"]
[WhiteElo "2103"]
[BlackElo "2229"]
[PlyCount "69"]
[EventDate "2007.09.08"]
[EventType "swiss"]
[EventRounds "7"]
[EventCountry "GRE"]
[SourceTitle "EXT 2008"]
[Source "ChessBase"]
[SourceDate "2007.11.25"]
[SourceVersion "1"]
[SourceVersionDate "2007.11.25"]
[SourceQuality "1"]

1. e4 c5 2. Nf3 d6 3. d4 cxd4 4. Nxd4 Nf6 5. Nc3 a6 6. Be2 e5 7. Nb3 Be7 8. Bg5 Be6 9. Bxf6 Bxf6 10. Qd3 0-0 11. 0-0-0 Qb6 12. Kb1 Nc6 13. Qxd6 Bxb3 14. axb3 Rad8 15. Qa3 Qxf2 16. Rdf1 Qh4 17. Qc5 Be7 18. Qb6 Rd7 19. g3 Qg5 20. h4 Qg6 21. Bc4 Bd8 22. Qe3 Nb4 23. Nd5 Nxd5 24. Bxd5 Kh8 25. Qc3 Qd6 26. Rf5 g6 27. Rf3 Rc7 28. Qd3 f5 29. h5 f4 30. hxg6 Qxg6 31. gxf4 exf4 32. Qd4+ Bf6 33. Rxf4 Kg7 34. Qf2 Re8 35. Rxf6 1-0

[Event "Athens Acropolis op"]
[Site "Athens"]
[Date "2007.08.19"]
[Round "6.38"]
[White "Stefanidi, Maria Anna"]
[Black "Sioris, Georgios"]
[Result "0-1"]
[WhiteElo "2092"]
[BlackElo "2229"]
[PlyCount "104"]
[EventDate "2007.08.14"]
[EventType "swiss"]
[EventRounds "9"]
[EventCountry "GRE"]
[SourceTitle "CBM 119 Extra"]
[Source "ChessBase"]
[SourceDate "2007.09.04"]
[SourceVersion "1"]
[SourceVersionDate "2007.09.04"]
[SourceQuality "1"]

1. e4 c5 2. Nf3 Nc6 3. d4 cxd4 4. Nxd4 e5 5. Nxc6 bxc6 6. Bd3 Nf6 7. 0-0 Be7 8. Qe2 d6 9. Nc3 Be6 10. Kh1 Qb8 11. b3 Nd7 12. f4 exf4 13. Bxf4 Bf6 14. Bd2 Be5 15. Rae1 Qd8 16. Qf3 Qf6 17. Ne2 Qxf3 18. gxf3 g6 19. c4 Nc5 20. Bc2 Bg7 21. Bf4 0-0-0 22. Rd1 Nb7 23. Be3 c5 24. Nf4 Na5 25. Nd5 Nc6 26. a3 Bb2 27. Bg5 Rd7 28. Bf6 Bxf6 29. Nxf6 Rdd8 30. f4 Nd4 31. Rf2 Bd7 32. Rd3 Bc6 33. Bd1 Kc7 34. b4 a5 35. b5 Bb7 36. Kg1 Rb8 37. e5 dxe5 38. fxe5 Rbd8 39. Rdd2 h5 40. a4 Ba8 41. h3 Bb7 42. Kf1 Kb8 43. Ke1 Bc8 44. Rd3 Be6 45. Rc3 Nf5 46. Bf3 Rd4 47. b6 Bxc4 48. Rfc2 Bd3 49. Rxc5 Bxc2 50. Rxa5 Rxa4 51. Rc5 Rd8 52. Rxc2 Nd4 0-1

[Event "Athens Acropolis op"]
[Site "Athens"]
[Date "2007.08.14"]
[Round "1.17"]
[White "Sioris, Georgios"]
[Black "Nikolaidis, Ioannis"]
[Result "0-1"]
[WhiteElo "2229"]
[BlackElo "2525"]
[PlyCount "70"]
[EventDate "2007.08.14"]
[EventType "swiss"]
[EventRounds "9"]
[EventCountry "GRE"]
[SourceTitle "CBM 119 Extra"]
[Source "ChessBase"]
[SourceDate "2007.09.04"]
[SourceVersion "1"]
[SourceVersionDate "2007.09.04"]
[SourceQuality "1"]

1. e4 c6 2. d4 d5 3. f3 Nd7 4. Nc3 dxe4 5. fxe4 e5 6. Nf3 Bd6 7. Bc4 Ngf6 8. Bg5 Qa5 9. 0-0 exd4 10. Bxf6 gxf6 11. e5 Bxe5 12. Ne4 Kd8 13. Nxe5 Qxe5 14. Qf3 Re8 15. Nxf6 Nxf6 16. Qxf6+ Qxf6 17. Rxf6 Be6 18. Bd3 Ke7 19. Raf1 h5 20. R6f4 Rad8 21. b3 Rg8 22. Bf5 Rg7 23. Re1 Rd5 24. Bd3 Rg4 25. Rf2 Kd6 26. Rf6 Ra5 27. a4 Rag5 28. Re2 Kc5 29. Bc4 Bxc4 30. bxc4 Kxc4 31. Rxf7 Rg7 32. Rf5 R4g5 33. Rxg5 Rxg5 34. Re7 Kc3 35. Re2 Rf5 0-1

[Event "GRE-Cup qf 14th"]
[Site "Greece"]
[Date "1995.??.??"]
[Round "?"]
[White "Sioris, Georgios"]
[Black "Koumanis, Stamatis"]
[Result "0-1"]
[WhiteElo "2150"]
[BlackElo "2195"]
[PlyCount "58"]
[EventDate "1995.??.??"]
[EventType "team"]
[EventRounds "2"]
[EventCountry "GRE"]
[SourceTitle "EXT 2004"]
[Source "ChessBase"]
[SourceDate "2003.11.25"]
[SourceVersion "1"]
[SourceVersionDate "2003.11.25"]
[SourceQuality "1"]

1. e4 e5 2. Nf3 Nf6 3. Nc3 Bb4 4. Bc4 d6 5. d3 h6 6. 0-0 Bg4 7. h3 Bh5 8. Nb1 Nc6 9. c3 Bc5 10. Nbd2 g5 11. g4 Bg6 12. Re1 h5 13. d4 Bb6 14. Bb5 Kf8 15. Bxc6 bxc6 16. dxe5 hxg4 17. exf6 gxf3 18. Qxf3 Bh5 19. Qf5 Rh6 20. e5 dxe5 21. Ne4 Bg6 22. Qxg5 Rxh3 23. b3 Rh5 24. Ba3+ Kg8 25. Qg3 Qd7 26. Rad1 Qf5 27. Kg2 Bxf2 28. Rf1 Bxg3 29. Rxf5 Rxf5 0-1

[Event "Chania op 4th"]
[Site "Chania"]
[Date "1994.??.??"]
[Round "2"]
[White "Sioris, Georgios"]
[Black "Graf, Alexander"]
[Result "0-1"]
[WhiteElo "2220"]
[BlackElo "2575"]
[PlyCount "53"]
[EventDate "1994.08.??"]
[EventType "swiss"]
[EventRounds "9"]
[EventCountry "GRE"]
[SourceTitle "EXT 1998"]
[Source "ChessBase"]
[SourceDate "1997.11.17"]
[SourceVersion "1"]
[SourceVersionDate "1997.11.17"]
[SourceQuality "1"]

1. e4 g6 2. d4 Bg7 3. Nc3 d6 4. Be3 c6 5. Qd2 Nd7 6. 0-0-0 b5 7. h4 h5 8. Nh3 Nb6 9. Ng5 b4 10. Nb1 a5 11. e5 Nh6 12. Bd3 Nf5 13. Rhe1 Nd5 14. Bf4 0-0 15. e6 fxe6 16. g3 Qe8 17. Nxe6 Bxe6 18. Rxe6 Qf7 19. Rde1 Nxh4 20. gxh4 Nxf4 21. Rxe7 Bh6 22. Kd1 Qxa2 23. c3 Rab8 24. R1e6 Rf7 25. Rxf7 bxc3 26. Rxf4 cxd2 27. Rxg6+ 0-1